000 00570nam a22001817a 4500
003 CEME
005 20210628202315.0
008 210210b xxu||||| |||| 00| 0 eng d
020 _a1-58053-058-3
040 _c.
082 _a621.3848 DIG
100 _aCumming , Ian .G ,Wong , Frank .H
_959259
245 _aDigital processing of synthetic aperture radar data ,algoritims and implementation
260 _aLONDON
_bARTECH HOUSE
_c2005
300 _aXXVIII,625P
650 _aSYNTHETIC APERTURE RADAR. SIGNAL PROCESSING-DIGITAL TECHNIQUES
_959260
942 _cBK
_2ddc
999 _c569280
_d569280